State Quiz - Minas Gerais - Statistics

General Stats
  • This quiz has been taken 54 times
  • The average score is 14 of 20
Answer Stats
Hint Answer % Correct
State capital Belo Horizonte
98%
States that border Minas Gerais Rio de Janeiro
93%
States that border Minas Gerais Espírito Santo
91%
States that border Minas Gerais São Paulo
91%
States that border Minas Gerais Bahia
88%
States that border Minas Gerais Goiás
86%
Cheese bread in the shape of a ball that originated in Minas Gerais Pão de {queijo}
86%
Former capital of Minas Gerais—means "Black Gold" since there was a gold rush Ouro Preto
81%
Famous football player born in Três Corações Pelé
81%
States that border Minas Gerais Mato Grosso do Sul
77%
Minas Gerais is by far the largest producer of this bean in Brazil, with Arabicabeing the most prevalent variety Coffee
72%
Second largest city Uberlândia
70%
Meaning of "Minas Gerais" General Mines
67%
Which means _______ ______ in English Beautiful Horizon
65%
Forest that originally dominated the southeast, but now exists in small patchessurrounded by farmland The {Atlantic} Forest
60%
Longest river São Francisco
58%
Tropical savanna ecoregion in the center and west of Minas Gerais The {Cerrado}
58%
What the triangle on the Minas Gerais flag is said to symbolize The {Holy} Trinity
58%
Two source rivers of the Paraná Rio Grande
28%
Two source rivers of the Paraná Paranaíba
21%
No matching quizzes found
Score Distribution
Percent of People with Each Score
Percentile by Number Answered
Your Score History
You have not taken this quiz